000 00665nam a2200217 a 4500
001 000009548
005 20240412074212.0
008 090930s1984 dr 000 p spa d
040 _aDO-SdBNP
_bspa
_cBNPHU
082 _aRD861.44
_bB253m
100 1 _aBarinas González, Sergio Emilio
_924383
245 1 0 _aMarina :
_bsonetos /
_cSergio Emilio Barinas González.
246 1 0 _aMarina
260 _aSanto Domingo :
_bBuho,
_c1984.
300 _a72 p. ;
_c16 cm.
590 _aInventariado, 2018/LP
650 4 _aSonetos dominicanos
_910208
650 0 _aPoesía dominicana
_966
650 0 _aLiteratura dominicana.
_967
910 _aValidado. Control de calidad MFF
999 _c9308
_d9308